00681nam a2200181 a 450000100100000000500170001000800410002702000180006804000250008610000310011124501130014226000390025530000280029470000460032204900090036895201050037799900170048200003437920200930073652.0111004s2007 es a 000 0 spa d a9788496515420 aDO-SdBNPbspacBNPHU1 aCoto Milán, Pablo95979610aImpacto de la nueva economía sobre el transporte /cPablo Coto Milán, Vicente Iglada López de Sabando. aBilbao :bFundación BBVA,c2007. a295 p. :bil. ;c24 cm.1 aLópez de Sabando, Vicente Iglada959797 aBNPD 001050718MOaGRbGRcCTd2011-10-04iLF1l0o p34379-10r2020-06-25w2020-06-25y1ZNo se presta c33870d33870